000 00264nam a2200109Ia 4500
008 240625s9999 xx 000 0 und d
041 _aeng
082 _a005.54 JAC
100 _aJACOBSON REED
245 _aMICROSOFT OFFICE EXCEL 2007 VISUAL BASIC
260 _c2009
999 _c34770
_d34770